000
00309nam a22001337a 4500
005
20250718130626.0
008
250718b |||||||| |||| 00| 0 eng d
050
_a
BS2680
_b
POL
100
_a
POLICE FLOYD
245
_a
SET FREE TO STAY FREE
260
_a
USA
_c
1983
300
_a
iii, 171p
942
_2
lcc
_c
BK
_n
0
999
_c
7050
_d
7050